00744nam a2200253 a 4500001001300000003000900013005001700022008004100039020001000080082001500090100002200105245003800127260004400165300000900209500003500218505001000253650002500263650002300288700002200311902000800333942000700341952012700348999001500475nice12345678IN_TiNIC20260116011704.0050524s1978 dela grp 000 0 eng  ac11000a340.9bQUR aQureshi, Mohammed aMarriage and Matremonial Remedies aDelhibConcept Publishing Companyc1978 a484p aincludes index and biblioraphy2 aIndex aIslamic-Law Marriage aUniform Civil Code1 aQureshi, Mohammed bSRS cBK 001040708StackRoom-aHMIbHMId2007-06-04g110.00l3o340.9 QURp09956r2022-02-24s2022-02-11v110.00w2005-05-24yBK c3415d3415